The complete idiot's guide to successful business presentations

Bibliographic Details
Main Author: Kroeger Lin
Format: Book
Published: 1997
Subjects:

MARC

LEADER 00000cam a2200000 7i4500
001 0000010098
005 20220223.0
020 |a 93567611860 
040 |a INS 
090 0 0 |a HD30.3   |b K931 1997 
100 1 |a Kroeger Lin 
245 1 4 |a The complete idiot's guide to successful business presentations 
260 |a 1997 
650 0 0 |a Business presentations 
999 |a 0000008758   |b BOOK   |c Open Shelf   |e Default branch